00880nam a2200217 a 450000100100000000500170001000800410002704000250006808200200009310000330011324501460014626000610029230000210035350400510037465000250042565000240045065000440047404900090051895201180052799900170064500001678920260417103605.0100310s1994 dr 000 0 spa d aDO-SdBNPbspacBNPHU a362.7083bA444e1 aAlma de Ruiz, Zelided93720310aEstudio comparativo del abuso intrafamiliar en adolecentes de liceos públicos y colegios privados de Santo Domingo /cZelided Alma de Ruiz. aSanto Domingo :bInstituto de la familiabUNICEF,c1994. a117 P. ;c28 cm. aIncluye referencias bibliográficas ( p. 117) 0a Adolescencia989353 4aPadres e hijos9796 4aFamiliaszRepública Dominicana937204 aBNPD 0010718PDaPDbPDcCTd2010-03-10iLF1l0o362.7083 A444ep16789-10r2020-06-25w2020-06-25yLFPDZNo se presta c16321d16321